Radio system design for telecommunications

The Third Edition of Radio System Design for Telecommunications brings this highly acclaimed book fully up to date with the latest technological advances and new applications. At the same time, the hallmarks of the previous editions, including the text's popular tutorial presentation, have been...

সম্পূর্ণ বিবরণ

সংরক্ষণ করুন:
গ্রন্থ-পঞ্জীর বিবরন
প্রধান লেখক: Roger L. Freeman
বিন্যাস: গ্রন্থ
ভাষা:Undetermined
প্রকাশিত: Hoboken, NJ Wiley 2006
বিষয়গুলি:
ট্যাগগুলো: ট্যাগ যুক্ত করুন
কোনো ট্যাগ নেই, প্রথমজন হিসাবে ট্যাগ করুন!
Thư viện lưu trữ: Trung tâm Học liệu Trường Đại học Cần Thơ
LEADER 01149nam a2200217Ia 4500
001 CTU_132903
008 210402s9999 xx 000 0 und d
020 |c 181.95 
082 |a 621.384156 
082 |b R722/3rd 
100 |a Roger L. Freeman 
245 0 |a Radio system design for telecommunications 
245 0 |c Roger L. Freeman 
260 |a Hoboken, NJ 
260 |b Wiley 
260 |c 2006 
520 |a The Third Edition of Radio System Design for Telecommunications brings this highly acclaimed book fully up to date with the latest technological advances and new applications. At the same time, the hallmarks of the previous editions, including the text's popular tutorial presentation, have been retained. Readers therefore get all the tools and guidance they need to master an essential set of current design techniques for radio systems that operate at frequencies of 3 MHz to 100 GHz 
650 |a Radio relay systems,Hệ thống chuyển tiếp vô tuyến 
650 |x Design and construction,Thiết kế và xây dựng 
910 |a Nguyên 
980 |a Trung tâm Học liệu Trường Đại học Cần Thơ